Taken at the flood / (Record no. 10618)

MARC details
000 -LEADER
fixed length control field 01139cam a22003497a 4500
001 - CONTROL NUMBER
control field 3492837
003 - CONTROL NUMBER IDENTIFIER
control field EG-ScBUE
005 - DATE AND TIME OF LATEST TRANSACTION
control field 20220811113146.0
008 - FIXED-LENGTH DATA ELEMENTS--GENERAL INFORMATION
fixed length control field 940315s2002 enk f 000 1 eng d
020 ## - INTERNATIONAL STANDARD BOOK NUMBER
International Standard Book Number 9780007121014
020 ## - INTERNATIONAL STANDARD BOOK NUMBER
International Standard Book Number 0007121016
040 ## - CATALOGING SOURCE
Original cataloging agency DLC
Language of cataloging eng
Description conventions rda
Transcribing agency DLC
Modifying agency DLC
-- EG-ScBUE
082 04 - DEWEY DECIMAL CLASSIFICATION NUMBER
Classification number 823.912
Edition number 22
Item number CHR
100 1# - MAIN ENTRY--PERSONAL NAME
Personal name Christie, Agatha,
Dates associated with a name 1890-1976,
Relator term author.
9 (RLIN) 40452
240 10 - UNIFORM TITLE
Uniform title <a href="There is a tide.">There is a tide.</a>
Language of a work English
245 10 - TITLE STATEMENT
Title Taken at the flood /
Statement of responsibility, etc Agatha Christie.
250 ## - EDITION STATEMENT
Edition statement Berkley edition.
264 #1 - PUBLICATION, DISTRIBUTION, ETC. (IMPRINT)
Place of publication, distribution, etc London :
Name of publisher, distributor, etc Harper Collins Publishers,
Date of publication, distribution, etc 2002.
300 ## - PHYSICAL DESCRIPTION
Extent 231 pages ;
Dimensions 18 cm
336 ## - CONTENT TYPE
Source rdacontent
Content type term text
Content type code txt
337 ## - MEDIA TYPE
Source rdamedia
Media type term unmediated
Media type code n
338 ## - CARRIER TYPE
Source rdacarrier
Carrier type term volume
Carrier type code nc
500 ## - GENERAL NOTE
General note "Also published as There is a tide..."
500 ## - GENERAL NOTE
General note Source: Copyright deposit.
Institution to which field applies DLC
650 #7 - SUBJECT ADDED ENTRY--TOPICAL TERM
Topical term or geographic name as entry element Poirot, Hercule (Fictitious character)
Form subdivision Fiction.
Source of heading or term BUEsh
650 #7 - SUBJECT ADDED ENTRY--TOPICAL TERM
Topical term or geographic name as entry element Missing persons
General subdivision Investigation
Geographic subdivision England
Form subdivision Fiction.
Source of heading or term BUEsh
651 ## - SUBJECT ADDED ENTRY--GEOGRAPHIC NAME
Source of heading or term BUEsh
653 ## - INDEX TERM--UNCONTROLLED
Resource For college Humanities: English
655 #7 - INDEX TERM--GENRE/FORM
Genre/form data or focus term Detective and mystery stories.
Source of term gsafd
Form subdivision Reading book
942 ## - ADDED ENTRY ELEMENTS (KOHA)
Source of classification or shelving scheme Dewey Decimal Classification
Koha item type Book - Borrowing
Holdings
Withdrawn status Lost status Source of classification or shelving scheme Damaged status Not for loan Collection code Home library Current library Shelving location Date acquired Source of acquisition Cost, normal purchase price Serial Enumeration / chronology Total Checkouts Total Renewals Full call number Barcode Date last seen Date checked out Price effective from Koha item type Public note
    Dewey Decimal Classification     Alahram Central Library Central Library Group Study Rooms 03/02/2009   54.00 06454 8 25 823.912 CHR 000014599 15/07/2025 25/11/2024 03/02/2009 Book - Borrowing Room (E) - Agatha Christie